[Event "BL2 Sued 1718 (Women)"]
[Site "Germany"]
[Date "2018.02.17"]
[Round "6.3"]
[White "Specht, Maria"]
[Black "Dirmeier, Carolin"]
[Result "1/2-1/2"]
[WhiteElo "1866"]
[BlackElo "1968"]
[PlyCount "52"]
[EventDate "2017.10.14"]
[EventType "team-tourn"]
[EventRounds "7"]
[EventCountry "GER"]
[SourceTitle "EXT 2019"]
[Source "ChessBase"]
[SourceDate "2018.10.10"]
[SourceVersion "1"]
[SourceVersionDate "2018.10.10"]
[SourceQuality "1"]
[WhiteTeam "Augsburg SG (W)"]
[BlackTeam "Muenchen Bayern (W)"]
[WhiteTeamCountry "GER"]
[BlackTeamCountry "GER"]

1. d4 f5 2. c4 Nf6 3. Nc3 g6 4. e3 Bg7 5. Bd3 0-0 6. Nge2 d6 7. 0-0 e5 8. f3 Nc6 9. d5 Ne7 10. Rb1 c6 11. e4 Bd7 12. Be3 f4 13. Bf2 g5 14. dxc6 bxc6 15. b4 g4 16. c5 Be6 17. cxd6 Qxd6 18. Bc5 Qc7 19. Nc1 Rfd8 20. Qe2 Ng6 21. Nb3 gxf3 22. gxf3 Qf7 23. Na5 Rac8 24. Bc4 Bxc4 25. Nxc4 Bf8 26. Bxf8 Qxf8 1/2-1/2

[Event "BL2 Sued 1516 (Women)"]
[Site "Germany"]
[Date "2015.12.05"]
[Round "3.5"]
[White "Flach, Helene"]
[Black "Specht, Maria"]
[Result "1/2-1/2"]
[WhiteElo "1766"]
[BlackElo "1876"]
[PlyCount "53"]
[EventDate "2015.09.26"]
[EventType "team-tourn"]
[EventRounds "7"]
[EventCountry "GER"]
[SourceTitle "EXT 2017"]
[Source "ChessBase"]
[SourceDate "2016.10.25"]
[SourceVersion "1"]
[SourceVersionDate "2016.10.25"]
[SourceQuality "1"]
[WhiteTeam "Langen (W)"]
[BlackTeam "Augsburg (W)"]
[WhiteTeamCountry "GER"]
[BlackTeamCountry "GER"]

1. e4 c5 2. Nf3 d6 3. d4 cxd4 4. Nxd4 Nf6 5. Nc3 g6 6. Be2 Bg7 7. 0-0 0-0 8. Bg5 Nc6 9. Nb3 a6 10. Re1 b5 11. a3 Bb7 12. Bf1 Rc8 13. Qd2 Ne5 14. Nd5 Nc4 15. Bxc4 bxc4 16. Bxf6 exf6 17. Nd4 Bxd5 18. exd5 Rc5 19. Nc6 Qb6 20. Qb4 Qb5 21. a4 Qxb4 22. Nxb4 a5 23. Nc6 f5 24. c3 Bf6 25. Rad1 Ra8 26. Re3 Kf8 27. Kf1 1/2-1/2

[Event "BL2 Sued 0910 (Women)"]
[Site "Germany"]
[Date "2010.03.13"]
[Round "6.4"]
[White "Gheng, Simona"]
[Black "Specht, Maria"]
[Result "1-0"]
[WhiteElo "2017"]
[BlackElo "1936"]
[PlyCount "169"]
[EventDate "2009.11.07"]
[EventType "team-tourn"]
[EventRounds "7"]
[EventCountry "GER"]
[SourceTitle "CBM 133 Extra"]
[Source "ChessBase"]
[SourceDate "2010.01.05"]
[SourceVersion "1"]
[SourceVersionDate "2010.01.05"]
[SourceQuality "1"]
[WhiteTeam "Deizisau (W)"]
[BlackTeam "Augsburg (W)"]
[WhiteTeamCountry "GER"]
[BlackTeamCountry "GER"]

1. e4 c5 2. Nf3 d6 3. d4 cxd4 4. Nxd4 Nf6 5. Nc3 g6 6. f4 Bg4 7. Be2 Bxe2 8. Qxe2 e5 9. fxe5 dxe5 10. Qb5+ Nbd7 11. Nf3 Qc7 12. Bg5 a6 13. Qa4 0-0-0 14. 0-0-0 Be7 15. Qb3 h6 16. Bxf6 Nxf6 17. Qxf7 Kb8 18. Qe6 Rde8 19. Nxe5 Bd8 20. Nd7+ Ka7 21. Qh3 Qf4+ 22. Kb1 Nxe4 23. Nxe4 Rxe4 24. Qc3 Rhe8 25. Qc5+ Ka8 26. Qc8+ Ka7 27. Nc5 R4e7 28. Nd3 Qc7 29. Qxc7 Bxc7 30. Nc1 Bf4 31. g3 Bxc1 32. Kxc1 Re2 33. Rd2 Re1+ 34. Rxe1 Rxe1+ 35. Rd1 Re2 36. Rd6 Rxh2 37. Rxg6 h5 38. a4 Rg2 39. Rg5 Kb6 40. b4 Kc6 41. Kb2 b5 42. axb5+ axb5 43. Kc3 Rh2 44. Rg6+ Kb7 45. Kd3 h4 46. gxh4 Rxh4 47. c3 Rc4 48. Rd6 Rh4 49. Re6 Rg4 50. Re4 Rg6 51. Re5 Kb6 52. Kd4 Rd6+ 53. Rd5 Rc6 54. Rd8 Rc4+ 55. Kd3 Rh4 56. Rb8+ Kc6 57. Rc8+ Kb6 58. Re8 Rg4 59. Re6+ Kc7 60. Re4 Rg6 61. Kd4 Kb6 62. Kd5 Rg3 63. Re6+ Kb7 64. Kd4 Rg4+ 65. Re4 Rg6 66. Re3 Rg5 67. Re5 Rg3 68. Rxb5+ Kc6 69. Re5 Kd6 70. Re4 Rg1 71. Rh4 Rd1+ 72. Kc4 Kc6 73. Rh6+ Kb7 74. b5 Rc1 75. Kb4 Rb1+ 76. Kc5 Rc1 77. Rh7+ Kb8 78. c4 Kc8 79. b6 Rg1 80. Kb5 Rg5+ 81. c5 Rg4 82. c6 Rg5+ 83. Ka6 Rg1 84. b7+ Kb8 85. c7# 1-0

[Event "GER-chT Federal Cup (Women)"]
[Site "Braunfels"]
[Date "2006.05.06"]
[Round "4"]
[White "Hildebrand, Katrin"]
[Black "Specht, Maria"]
[Result "1-0"]
[WhiteElo "1872"]
[BlackElo "1975"]
[PlyCount "83"]
[EventDate "2006.05.04"]
[EventType "team-swiss"]
[EventRounds "5"]
[EventCountry "GER"]
[SourceTitle "EXT 2010"]
[Source "ChessBase"]
[SourceDate "2010.11.25"]
[SourceVersion "1"]
[SourceVersionDate "2010.11.25"]
[SourceQuality "1"]

1. e4 c5 2. c3 d5 3. exd5 Qxd5 4. Nf3 a6 5. Na3 b5 6. Nc2 Nf6 7. Ne3 Qb7 8. a4 b4 9. Bc4 e6 10. Qe2 Be7 11. 0-0 0-0 12. Re1 Nc6 13. Ba2 Bd6 14. Nc4 Bc7 15. d3 Nd5 16. Bd2 Qb8 17. Qe4 Nce7 18. Nce5 b3 19. Bb1 f6 20. Nc4 e5 21. d4 f5 22. Qh4 Ng6 23. Qg5 e4 24. Nfe5 Bd8 25. Qh5 Ngf4 26. Qd1 cxd4 27. Nc6 Qc7 28. N4e5 d3 29. Qxb3 Be6 30. c4 Ne2+ 31. Rxe2 dxe2 32. cxd5 Bf6 33. dxe6 Bxe5 34. e7+ Rf7 35. Ba2 Bxh2+ 36. Kh1 Kh8 37. Qxf7 h6 38. e8Q+ Rxe8 39. Qxe8+ Kh7 40. Bg8+ Kh8 41. Bf7+ Kh7 42. Bg6# 1-0

[Event "BL2 Gr02 0506 (Women)"]
[Site "Germany"]
[Date "2006.03.04"]
[Round "6.4"]
[White "Specht, Maria"]
[Black "Schmuck, Katrin"]
[Result "0-1"]
[WhiteElo "1829"]
[BlackElo "1766"]
[PlyCount "108"]
[EventDate "2005.10.29"]
[EventType "team-tourn"]
[EventRounds "7"]
[EventCountry "GER"]
[SourceTitle "EXT 2007"]
[Source "ChessBase"]
[SourceDate "2006.11.23"]
[SourceVersion "1"]
[SourceVersionDate "2006.11.23"]
[SourceQuality "1"]
[WhiteTeam "Augsburg"]
[BlackTeam "Erfurt Medizin"]
[WhiteTeamCountry "GER"]
[BlackTeamCountry "GER"]

1. d4 d5 2. e3 Nf6 3. Bd3 Nbd7 4. Nf3 e6 5. Nbd2 Bd6 6. e4 dxe4 7. Nxe4 Nxe4 8. Bxe4 0-0 9. 0-0 c5 10. c3 cxd4 11. Nxd4 Nc5 12. Bc2 e5 13. Nf5 Bc7 14. Qf3 Qf6 15. Be3 e4 16. Qh5 Qxf5 17. Qxf5 Bxf5 18. Bxc5 Rfe8 19. Rfe1 Bg6 20. Re2 b6 21. Bd4 Re7 22. Rae1 Rae8 23. Bb3 Kf8 24. Bd5 f5 25. a4 Be5 26. Bxe5 Rxe5 27. Rd2 Rd8 28. c4 Bf7 29. Red1 Bxd5 30. cxd5 Ke7 31. Kf1 Kd6 32. Ke2 Rc8 33. Ke3 g6 34. Kf4 Rc5 35. h4 Rexd5 36. Rxd5+ Rxd5 37. Rxd5+ Kxd5 38. Kg5 Ke6 39. g3 Kf7 40. g4 h6+ 41. Kf4 Kf6 42. gxf5 gxf5 43. f3 exf3 44. Kxf3 Ke5 45. b4 h5 46. b5 f4 47. Kf2 Ke4 48. Ke2 f3+ 49. Kf2 Kf4 50. Kf1 Kg3 51. Kg1 Kxh4 52. Kf2 Kg4 53. Kg1 Kg3 54. Kf1 h4 0-1

[Event "BL2 Gr02 0506 (Women)"]
[Site "Germany"]
[Date "2005.11.19"]
[Round "3.3"]
[White "Specht, Maria"]
[Black "Schneider, Birgit"]
[Result "1/2-1/2"]
[WhiteElo "1829"]
[BlackElo "1795"]
[PlyCount "53"]
[EventDate "2005.10.29"]
[EventType "team-tourn"]
[EventRounds "7"]
[EventCountry "GER"]
[SourceTitle "EXT 2007"]
[Source "ChessBase"]
[SourceDate "2006.11.23"]
[SourceVersion "1"]
[SourceVersionDate "2006.11.23"]
[SourceQuality "1"]
[WhiteTeam "Augsburg"]
[BlackTeam "Karlsruhe II"]
[WhiteTeamCountry "GER"]
[BlackTeamCountry "GER"]

1. d4 d5 2. e3 g6 3. Bd3 Bg7 4. c3 Nf6 5. Qe2 0-0 6. Nd2 c5 7. Ngf3 Nc6 8. 0-0 Nd7 9. dxc5 Nxc5 10. Bc2 e5 11. e4 d4 12. Qc4 Qe7 13. b4 Ne6 14. b5 dxc3 15. Qxc3 Ncd4 16. Bd3 Rd8 17. Nxd4 Nxd4 18. Nb3 Be6 19. Nxd4 exd4 20. Qb2 Rac8 21. Bd2 Bc4 22. Bxc4 Rxc4 23. Qb3 Rdc8 24. Qd3 Qe6 25. f4 Rc2 26. a4 Qc4 27. Qxc4 1/2-1/2

[Event "Bayern-ch (Women) 76th"]
[Site "Wuerzburg"]
[Date "2005.08.29"]
[Round "4"]
[White "Specht, Maria"]
[Black "Zwetz, Anita"]
[Result "1-0"]
[WhiteElo "1845"]
[BlackElo "1626"]
[PlyCount "75"]
[EventDate "2005.08.27"]
[EventType "swiss"]
[EventRounds "9"]
[EventCountry "GER"]
[SourceTitle "EXT 2015"]
[Source "ChessBase"]
[SourceDate "2014.11.20"]
[SourceVersion "1"]
[SourceVersionDate "2014.11.20"]
[SourceQuality "1"]

1. d4 d5 2. e3 c5 3. c3 cxd4 4. exd4 Bf5 5. Nf3 h6 6. Ne5 Nf6 7. Qa4+ Nbd7 8. Nd2 a6 9. Ndf3 e6 10. Be2 Be7 11. 0-0 Rc8 12. Nh4 Bh7 13. f4 0-0 14. Nhf3 Rc7 15. Be3 Nb6 16. Qb3 Nbd7 17. Rae1 Ne4 18. Nxd7 Qxd7 19. Ne5 Qc8 20. g4 Bh4 21. Rd1 Be7 22. Bf3 Nxc3 23. Rc1 Ne4 24. Rxc7 Qxc7 25. Rc1 Qb8 26. Nd7 Qa8 27. Nxf8 Bxf8 28. Bxe4 Bxe4 29. Rc7 b5 30. Qc3 g6 31. Rc8 Qa7 32. Qc5 Qxc5 33. dxc5 Bf3 34. c6 Bxg4 35. Bc5 e5 36. Rxf8+ Kg7 37. fxe5 d4 38. Bxd4 1-0

[Event "Bayern-ch (Women) 75th"]
[Site "Ingolstadt"]
[Date "2004.09.10"]
[Round "8"]
[White "Specht, Maria"]
[Black "Azrelyan, Inna"]
[Result "1-0"]
[WhiteElo "1839"]
[BlackElo "1687"]
[PlyCount "93"]
[EventDate "2004.09.04"]
[EventType "swiss"]
[EventRounds "9"]
[EventCountry "GER"]
[SourceTitle "EXT 2015"]
[Source "ChessBase"]
[SourceDate "2014.11.20"]
[SourceVersion "1"]
[SourceVersionDate "2014.11.20"]
[SourceQuality "1"]

1. d4 d5 2. e3 Nf6 3. Bd3 e6 4. Nd2 c5 5. c3 Nc6 6. Ngf3 cxd4 7. exd4 Bd6 8. Qe2 Qc7 9. 0-0 0-0 10. Re1 Nd7 11. Nf1 h6 12. Nh4 Nf6 13. Qf3 e5 14. Bf5 e4 15. Qh3 Ne7 16. Ng3 Bxg3 17. hxg3 g5 18. Bxc8 Raxc8 19. Nf5 Nxf5 20. Qxf5 Qd6 21. Qh3 Kg7 22. f4 Rh8 23. Kf2 g4 24. Qh4 Qd7 25. Be3 Qf5 26. Rh1 b5 27. Rac1 h5 28. Qh2 Ne8 29. Qg1 Nd6 30. Rc2 Qg6 31. Ke2 Nf5 32. Qf2 h4 33. gxh4 g3 34. Qf1 Qg4+ 35. Kd2 b4 36. c4 Rxh4 37. Rxh4 Qxh4 38. c5 Qd8 39. Qe2 Qa5 40. b3 Nh6 41. Qh5 Qd8 42. f5 Rc6 43. Bg5 Rf6 44. Qxh6+ Rxh6 45. Bxd8 Rh2 46. Ke3 f6 47. c6 1-0

[Event "Bayern-ch (Women) 75th"]
[Site "Ingolstadt"]
[Date "2004.09.06"]
[Round "4"]
[White "Specht, Maria"]
[Black "Zabarska, Natalia"]
[Result "0-1"]
[WhiteElo "1839"]
[BlackElo "1708"]
[PlyCount "88"]
[EventDate "2004.09.04"]
[EventType "swiss"]
[EventRounds "9"]
[EventCountry "GER"]
[SourceTitle "EXT 2015"]
[Source "ChessBase"]
[SourceDate "2014.11.20"]
[SourceVersion "1"]
[SourceVersionDate "2014.11.20"]
[SourceQuality "1"]

1. d4 Nf6 2. e3 g6 3. Bd3 Bg7 4. c3 0-0 5. e4 d6 6. f4 Ne8 7. f5 Nc6 8. g4 e5 9. g5 exd4 10. cxd4 Nxd4 11. f6 Nxf6 12. gxf6 Qxf6 13. Be3 Bh6 14. Bxh6 Qh4+ 15. Kd2 Qxh6+ 16. Kc3 Qg7 17. Nd2 Be6 18. Bc4 Nf3+ 19. Kb3 Nd4+ 20. Ka3 Qe5 21. b3 b5 22. Bxe6 b4+ 23. Kb2 Nb5+ 24. Kc1 Qxa1+ 25. Nb1 Na3 26. Bd5 Qxb1+ 27. Kd2 Qxd1+ 28. Kxd1 Rab8 29. Ne2 Nb5 30. Kd2 Kg7 31. Bc6 f5 32. exf5 Rxf5 33. Kd3 Nc3 34. Nd4 Re5 35. a3 Nd5 36. a4 a5 37. Bb5 Re3+ 38. Kd2 Rf8 39. Bc4 Rf2+ 40. Ne2 Re5 41. Kd3 Rexe2 42. Bxd5 Rd2+ 43. Ke3 Rfe2+ 44. Kf3 Rxh2 0-1

[Event "Bayern-ch (Women) 75th"]
[Site "Ingolstadt"]
[Date "2004.09.04"]
[Round "1"]
[White "Zwetz, Anita"]
[Black "Specht, Maria"]
[Result "1/2-1/2"]
[WhiteElo "1589"]
[BlackElo "1839"]
[PlyCount "130"]
[EventDate "2004.09.04"]
[EventType "swiss"]
[EventRounds "9"]
[EventCountry "GER"]
[SourceTitle "EXT 2015"]
[Source "ChessBase"]
[SourceDate "2014.11.20"]
[SourceVersion "1"]
[SourceVersionDate "2014.11.20"]
[SourceQuality "1"]

1. d4 d5 2. c4 e6 3. cxd5 exd5 4. Nf3 Nf6 5. Nc3 c6 6. Bg5 h6 7. Bh4 g5 8. Bg3 Bf5 9. Qb3 Qc8 10. Rc1 Nbd7 11. e3 Be7 12. Be2 Be6 13. 0-0 Ne4 14. Qc2 Nxg3 15. hxg3 Nf6 16. a3 Qd8 17. Bd3 Bd6 18. Na4 Nd7 19. Nc5 Nxc5 20. dxc5 Bc7 21. Nd4 Bd7 22. Nf5 Qf6 23. Nd4 h5 24. Bf5 0-0-0 25. Bxd7+ Rxd7 26. b4 h4 27. Qf5 Qe7 28. gxh4 Rxh4 29. Nf3 Rh6 30. Rfe1 f6 31. Rcd1 Qh7 32. Qxh7 Rdxh7 33. Kf1 g4 34. Nd4 g3 35. Ne6 gxf2 36. Kxf2 Re7 37. Nxc7 Kxc7 38. Kf3 Rg6 39. Re2 Re5 40. Rd4 Reg5 41. g4 f5 42. gxf5 Rxf5+ 43. Rf4 Rxf4+ 44. exf4 Kd7 45. f5 Rg7 46. Kf4 Re7 47. Rh2 Ke8 48. f6 Re4+ 49. Kf5 Re3 50. Rh8+ Kf7 51. Rh7+ Kf8 52. a4 Rf3+ 53. Ke6 Re3+ 54. Kd6 Rf3 55. Rxb7 Rxf6+ 56. Ke5 Rf7 57. Rxf7+ Kxf7 58. b5 Ke7 59. bxc6 Kd8 60. Kxd5 Kc7 61. Kc4 Kxc6 62. Kb4 a6 63. a5 Kd5 64. c6 Kxc6 65. Kc4 Kb7 1/2-1/2